Tres para el matrimonio: curso de preparación al matrimonio, de acuerdo con los adelantos teológicos y psicológicos, las nuevas orientaciones pastorales y canónicas, y las novísimas reformas litúrgicas
Kaydedildi:
| Yazar: | |
|---|---|
| Materyal Türü: | Kitap |
| Dil: | İspanyolca |
| Baskı/Yayın Bilgisi: |
Bogotá
Paulinas
1986
|
| Edisyon: | 8a. ed |
| Seri Bilgileri: | Colección Familia
|
| Konular: | |
| Etiketler: |
Etiketle
Etiket eklenmemiş, İlk siz ekleyin!
|
MARC
| LEADER | 00000nam a2200000 a 4500 | ||
|---|---|---|---|
| 001 | UCL3951 | ||
| 003 | CL-VaPUC | ||
| 008 | 031219e19860000CK |||||||||||||||||spa|d | ||
| 082 | 0 | 4 | |a 265.5 |b MIR |2 21 |
| 100 | |a Miranda Arraiza, José Miguel |e autor |9 481391 | ||
| 245 | 1 | 0 | |a Tres para el matrimonio: curso de preparación al matrimonio, de acuerdo con los adelantos teológicos y psicológicos, las nuevas orientaciones pastorales y canónicas, y las novísimas reformas litúrgicas |
| 250 | |a 8a. ed | ||
| 300 | |a 266 p | ||
| 942 | |c BK | ||
| 945 | |d 20031219 00:00:00 |a vberengu | ||
| 260 | |a Bogotá |b Paulinas |c 1986 | ||
| 650 | 7 | |a MATRIMONIO |2 CL-VaPUC |9 481392 | |
| 650 | 0 | |a Sacramentos |9 257270 | |
| 583 | |a last modification |c 20031219 00:00:00 |k Rodrigo Vera | ||
| 490 | 0 | |a Colección Familia | |
| 999 | |c 306915 |d 306913 | ||
| 952 | |0 0 |1 0 |4 0 |6 265_500000000000000_MIR_1986 |7 0 |8 A |9 372343 |a BIBTEO |b BIBTEO |d 2019-11-21 |i 2097818 |o 265.5 MIR 1986 |p 2097818 |r 2025-01-17 |w 2019-11-21 |y BK |k ICR | ||